00338nam a2200109Ia 4500008004100000082000800041100002000049245003900069942000600108952009900114999001500213240331s9999 xx 000 0 und d bPUT aPon Vijayan. ed 0aPuthiya Nambikai :bIssue 41, 1991 cL 001040708LaWERCLbWERCLcSSCd2024-03-31l0o 894.811 PUTp1591r2024-03-31w2024-03-31yL c4221d4221